LEADER 01257naa a2200229 u 4500 001 000000100629 003 CaOOAMICUS 005 20070226130204.0 008 051123s1979 it u000 u ita u 035 $a11070211 040 $aIAR$bita 100 1 $aTomea, Paolo,$d1945-$0(OLS)http://pul/name/13660 245 10$a[Recensione :] Pierre Dubois: De recuperatione terre sancte. Dalla "respublica Christiana" ai primi nazionalismi e alla politica antimediterranea; a cura di A. Diotti. --- O.G. Oexle: Utopisches Denken im Mittelalter /$c[Paolo Tomea]. 260 $a[Milano :$bVita e pensiero],$c[1979] 300 $aS. 406-413 ;$c25 cm 600 14$aOexle, Otto Gerhard,$d1939-$tUtopisches Denken im Mittelalter.$0(OLS)http://pul/subject/32321 600 14$aDiotti, A.$0(OLS)http://pul/subject/32322 730 0 $aAevum$g[Spogli].$0(OLS)http://pul/title/11692 773 0 $aAevum ;.$k53 (1979) 773 0 $tAevum$w()8026 996 $6245$a[Recensione :] Pierre Dubois: De recuperatione terre sancte. Dalla "respublica Christiana" ai primi nazionalismi e alla politica antimediterranea; a cura di A. Diotti. --- O.G. Oexle: Utopisches Denken im Mittelalter$9(OLS)http://pul/title/127527 996 $6260$a[Milano :$bVita e pensiero]$9(OLS)http://pul/publisher/79155 LEADER 01560nam a2200337 u 4500 001 000000060719 003 CaOOAMICUS 005 20070226120938.0 008 010731s1956 fr u000 u fre u 035 $a10899035 040 $aPUL(R)$bita 041 1 $afre$heng 100 1 $aJaeger, Werner Wilhelm,$d1888-1961.$0(OLS)http://pul/name/3615 240 10$aHumanism and Theology.$lFrancese.$0(OLS)http://pul/title/81129 245 10$aHumanisme et théologie /$cWerner Jaeger ; traduction de l'anglais par H. D. Saffrey. 260 $aParis :$bLes Éditions du Cerf,$c1956. 300 $a123 p. ;$c20 cm 500 $aContiene indice. 504 $aBibliografia in nota. 650 4$aUmanesimo.$0(OLS)http://pul/subject/9719 650 4$aTeologia$ySec. XIII.$0(OLS)http://pul/subject/23329 700 1 $aSaffrey, H.D.$q(Henri Dominique),$cO.P.,$d1921-$0(OLS)http://pul/name/5311 850 $aPUL 852 $aPUL$W1$xSL Religione 1$y3$m57 B 28$j79178$nBK-PRI$b $qStampati$B79178$CPULBib$Z2$F79178 $H $81 852 $aPUL$W1$xDP1 Fondo Cecchetti$y53$m277 F 17$j79179$nBK-PRI$b $qFondi$B79179$CPULBib$Z2$F79179 $HPUL7941 $81 852 $aPUL$W1$xDP1 Fondo Pastorale$y55$mP2 C 7$j79180$nBK-PRI$b $qFondi$B79180$CPULBib$Z2$F79180 $HPUL628 $81 941 1 $a8 941 1 $a1 961 $aINV: 32932 996 $6245$aHumanisme et théologie$9(OLS)http://pul/title/81130 996 $6260$aParis :$bLes Éditions du Cerf$9(OLS)http://pul/publisher/47861